000 00900 a2200193 4500
999 _c2752
_d2752
020 _a9780994707925
050 _aDT2999 MUT 2017
100 _aMutambara, Arthur G.O.
_eauthor
245 _aIn search of the elusive Zimbabwean dream :
_bAn autobiography of thought leadership, Vol. 1 /
_cArthur G.O Mutambara
264 _aAuckland Park, South Africa :
_bStaging Post,
_c2017
300 _axviii, 249 pages, 64 unnumbered pages of plates :
_billustrations (chiefly color), portraits
500 _av. 1. The formative years and the big wide world : (1983-2002) Includes bibliographical references (pages 244-245) and index.
650 _aMutambara, Arthur G. O.
650 _aPrime ministers -- Zimbabwe
_xBiography.
650 _aPrime ministers
_xZimbabwe.
650 _aPrime ministers
_xBiography.
650 _aZimbabwe -- Politics and government
_x1980-
942 _2lcc
_cBK
_h2999
_iMUT
_kDT